| 000 | 00871nac a22001691u 4500 | ||
|---|---|---|---|
| 008 | 101005s2003 xxu||||| |||| 00| 0 ara d | ||
| 082 |
_a142 _bق ل ب |
||
| 110 |
_aAl MAgles Al Alaa Lel Thakafa _920062 |
||
| 245 |
_aفي قلب الشرق : _bقراءة معاصرة لأعمال لويس ماسينيون / _cترجمة الأبحاث الفرنسية زينب محمود الخضيري ؛ مراجعة الأبحاث العربية حسن حنفى |
||
| 260 |
_aالقاهرة : _bالمجلس الأعلى للثقافة ،2003 _c2003. |
||
| 300 |
_a347 ص ؛ _bايض : _c24 سم. |
||
| 504 | _aببليوجرافية ص 325-337 | ||
| 511 | _aCatalogued by: Sara | ||
| 700 |
_aالخضيرى ، زينب محمود _920069 _eترجمة الأبحاث الفرنسية |
||
| 710 |
_aAl Markaz Al Ferensey Lel Thakafa Wa Al Taawon _920068 |
||
| 942 |
_cBB _k142 ق ل ب _2ddc |
||
| 999 |
_c7441 _d7441 |
||